Ariel

Saved in:
Bibliografiske detaljer
Hovedforfatter: Rodó, José Enrique (Author)
Format: Bog
Sprog:spansk
Udgivet: Buenos Aires W. M. Jackson 1945
Serier:Colección Panamericana, 29
Fag:
Tags: Tilføj Tag
Ingen Tags, Vær først til at tagge denne postø!

MARC

LEADER 00000nam a2200000 a 4500
001 UCZ7229
003 CL-VaPUC
008 951228e19450000AG |||||||||||||||||spa|d
082 0 4 |a Ur863  |b ROD  |2 21 
100 0 |a Rodó, José Enrique  |e author  |9 313720 
245 1 0 |a Ariel 
246 1 0 |a Motivos de Proteo 
300 |a 319 p 
942 |c BK 
945 |d 19951228 00:00:00  |a rleighto 
260 |a Buenos Aires  |b W. M. Jackson  |c 1945 
650 7 |a PROSA URUGUAYA  |2 CL-VaPUC  |9 317929 
583 |a last modification  |c 19951228 00:00:00  |k Rodrigo Vera 
490 0 |a Colección Panamericana, 29 
999 |c 243333  |d 243331 
952 |0 0  |1 0  |4 0  |6 UR_863_000000000000000_ROD_1945  |7 0  |8 A  |9 256911  |a BIBEDU  |b BIBEDU  |d 2019-11-19  |i 3165760  |o Ur863 ROD 1945  |p 3165760  |r 2019-11-19  |w 2019-11-19  |y BK  |k LIT